Icpc news (Record no. 38242)
[ view plain ]
| 000 -LEADER | |
|---|---|
| fixed length control field | 00612nam a2200169Ia 4500 |
| 022 ## - INTERNATIONAL STANDARD SERIAL NUMBER | |
| ISSN | 07949510 |
| 050 ## - CALL MARK | |
| Classification number | JQ 3089.5 .C6 N535 b/ |
| 245 #0 - TITLE STATEMENT | |
| Title | Icpc news |
| 260 ## - PUBLICATION, DISTRIBUTION, ETC. (IMPRINT) | |
| Place of publication | Garki, Abuja |
| 260 ## - PUBLICATION, DISTRIBUTION, ETC. (IMPRINT) | |
| Name of publisher | Independent Corrupt Practices and other Related offences Commission (ICPC) |
| 260 ## - PUBLICATION, DISTRIBUTION, ETC. (IMPRINT) | |
| Year of publication | 2014 |
| 300 ## - PHYSICAL DESCRIPTION | |
| Number of Pages | 19 p. , : ill. ; 31 cm. |
| 650 ## - SUBJECT ADDED ENTRY--TOPICAL TERM | |
| Topical Term | Nigeria. Independent Corrupt Practices and Other Related Offences Commission--Periodicals. Corruption--Nigeria--Periodicals. Political corruption--Nigeria--Periodicals. |
| 942 ## - ADDED ENTRY ELEMENTS (KOHA) | |
| Koha item type | Serials |
No items available.